000
00273nam a22001217a 4500
041
_a
ENG
100
_a
Andrew.D
245
_a
Modern Refrigeration Airconditioning
260
_a
Landon
_b
The Goodheart
_c
1975
300
_a
988
650
_a
APE ( 02 )
856
_u
APE ( 02 )
999
_c
2857
_d
2857